| 000 | 00784nam a2200301Ia 4500 | ||
|---|---|---|---|
| 003 | AR-RoIUNI | ||
| 005 | 20241122062621.0 | ||
| 008 | 150616s9999 xx 000 0 und d | ||
| 020 | _a9788445818619 | ||
| 040 | _cIUNIR | ||
| 040 |
_dOCLC _cIUNIR |
||
| 080 | _a615 FLO | ||
| 100 | 1 |
_9207 _aFlórez, Jesús |
|
| 245 | 1 |
_aFarmacología humana _cFlórez, Jesus, dir.- |
|
| 250 | _a5a. ed.- | ||
| 260 | _aBarcelona.- | ||
| 260 | _bElsevier.- | ||
| 260 | _c2008.- | ||
| 300 | _a1521p.- | ||
| 300 | _c28cm.- | ||
| 500 | _acontiene bibliografía al final de cada capítulo | ||
| 650 | 1 | 0 |
_9153 _aFarmacología |
| 650 | 1 | 0 |
_aMedicina _958 |
| 650 | 1 | 0 |
_9208 _aSistema Nervioso |
| 650 | 1 | 0 |
_9171 _aAparato Respiratorio |
| 650 | 1 | 0 |
_9209 _aAparato circulatorio |
| 942 |
_cBK _2cdu |
||
| 999 |
_c1463 _d1463 |
||